banner

La familia / (Registro nro. 1447)

000 -LEADER
fixed length control field 00581nam a22002177 4500
003 - CONTROL NUMBER IDENTIFIER
control field AR-BaISA
005 - DATE AND TIME OF LATEST TRANSACTION
control field 20231006151728.0
007 - PHYSICAL DESCRIPTION FIXED FIELD--GENERAL INFORMATION
fixed length control field ta
008 - FIXED-LENGTH DATA ELEMENTS--GENERAL INFORMATION
fixed length control field 231006s1977 ag |||| |||| 000 0 spa d
040 ## - CATALOGING SOURCE
Language of cataloging spa
Transcribing agency AR-BaISA
082 04 - DEWEY DECIMAL CLASSIFICATION NUMBER
Edition number 22
Classification number 155.924 L115
100 1# - MAIN ENTRY--PERSONAL NAME
9 (RLIN) 2316
Personal name Lacan, Jacques
245 13 - TITLE STATEMENT
Title La familia /
Statement of responsibility, etc. Jacques Lacan
260 ## - PUBLICATION, DISTRIBUTION, ETC.
Place of publication, distribution, etc. [Buenos Aires]:
Name of publisher, distributor, etc. Homo Sapiens,
Date of publication, distribution, etc. 1977
300 ## - PHYSICAL DESCRIPTION
Extent 115 p.
490 1# - SERIES STATEMENT
Serie El hombre y su mente
650 10 - SUBJECT ADDED ENTRY--TOPICAL TERM
9 (RLIN) 141
Topical term or geographic name entry element Psicoanálisis
650 10 - SUBJECT ADDED ENTRY--TOPICAL TERM
9 (RLIN) 948
Topical term or geographic name entry element Relaciones familiares
830 ## - SERIES ADDED ENTRY--UNIFORM TITLE
9 (RLIN) 3120
Uniform title El hombre y su mente
942 ## - ADDED ENTRY ELEMENTS (KOHA)
Source of classification or shelving scheme
Koha item type Libros
Edition 22
Existencias
Withdrawn status Lost status Source of classification or shelving scheme Damaged status Not for loan Permanent Location Current Location Date acquired Inventory number Full call number Barcode Date last seen Price effective from Koha item type
          Biblioteca ISALUD. Dr. Néstor Rodríguez Campoamor Biblioteca ISALUD. Dr. Néstor Rodríguez Campoamor 2023-10-06 5093 155.924 L115 5093 2023-10-06 2023-10-06 Libros